Ciencia o vudú : (Registro nro. 65603)
[ vista simple ]
| 000 -LEADER | |
|---|---|
| fixed length control field | 00731nam a2200229 u 4500 |
| 001 - CONTROL NUMBER | |
| control field | 65603 |
| 005 - DATE AND TIME OF LATEST TRANSACTION | |
| control field | 20180714073018.0 |
| 008 - FIXED-LENGTH DATA ELEMENTS--GENERAL INFORMATION | |
| fixed length control field | 160624s2001 xxu r 000 0 spa d |
| 020 ## - INTERNATIONAL STANDARD BOOK NUMBER | |
| International Standard Book Number | 8425335957 |
| 082 0# - DEWEY DECIMAL CLASSIFICATION NUMBER | |
| Classification number | 500 |
| Item number | PAR |
| 100 1# - MAIN ENTRY--PERSONAL NAME | |
| Personal name | Park, Robert L. |
| Relator term | autor |
| 245 10 - TITLE STATEMENT | |
| Title | Ciencia o vudú : |
| Remainder of title | de la ingenuidad al fraude científico. / |
| Statement of responsibility, etc. | Robert L. Park, Traducción de Francisco Ramos. |
| 250 ## - EDITION STATEMENT | |
| Edition statement | Primera edición |
| 264 #1 - PRODUCTION, PUBLICATION, DISTRIBUTION, MANUFACTURE, AND COPYRIGHT NOTICE | |
| Place of production, publication, distribution, manufacture | Italia : |
| Name of producer, publisher, distributor, manufacturer | Grijalbo Mondadori, |
| Date of production, publication, distribution, manufacture, or copyright notice | 2001 |
| 300 ## - PHYSICAL DESCRIPTION | |
| Extent | 326 páginas ; |
| Dimensions | 23 cm. |
| 336 ## - CONTENT TYPE | |
| Content type term | texto |
| Source | rdacontent |
| 337 ## - MEDIA TYPE | |
| Media type term | sin mediación |
| Source | rdamedia |
| 338 ## - CARRIER TYPE | |
| Carrier type term | volúmen |
| Source | rdacarrier |
| 490 0# - SERIES STATEMENT | |
| Series statement | Arena abierta |
| 650 #4 - SUBJECT ADDED ENTRY--TOPICAL TERM | |
| Topical term or geographic name entry element | Ciencia |
| 700 1# - ADDED ENTRY--PERSONAL NAME | |
| Personal name | Ramos, Francisco |
| Relator term | traducción |
| Withdrawn status | Lost status | Source of classification or shelving scheme | Damaged status | Not for loan | Collection code | Home library | Current library | Shelving location | Date acquired | Source of acquisition | Inventory number | Total Checkouts | Full call number | Barcode | Date last seen | Price effective from | Koha item type |
|---|---|---|---|---|---|---|---|---|---|---|---|---|---|---|---|---|---|
| Dewey Decimal Classification | General | Biblioteca Karol Wojtyla | Biblioteca Karol Wojtyla | Sala general | 24/06/2016 | Compra | 151000000000000000042600 | 500 PAR 2001 | 95299 | 05/01/2026 | 24/06/2016 | Libro |